000 00363nam a2200145Ia 4500
005 20250627025749.0
008 240331s9999 xx 000 0 und d
082 _bDHA
_a891
100 _aDharmapriya,W.De S
245 0 _aMaha danaka daa kawa
260 _anugegoda
_bM.D.Gunasena & Co
_c1966
300 _a201 p .,
500 _aCircle on maha Danaka
942 _cL
999 _c4836
_d4836